| 000 | 00658nam a2200205Ia 4500 | ||
|---|---|---|---|
| 005 | 20250508165750.0 | ||
| 008 | 008 250505s9999 xx 000 0 hin d | ||
| 037 | _aReference | ||
| 040 |
_aFEDL _beng _cFEDL |
||
| 041 |
_ahin _2eng |
||
| 084 |
_a315.4, IND/RR _qFEDL |
||
| 245 | 0 | _aBharat 2016: Varshik sanderbh- granth | |
| 245 | 0 | _cIndia. Information and Broadcasting ( Ministry of ...) | |
| 260 |
_aNew Delhi, India _bMinistry of Information and Broadcasting, Government of India _c2016 |
||
| 300 | _a1032p. | ||
| 365 |
_aINR _b350 |
||
| 546 | _aGifted by Aarushi Metha | ||
| 942 |
_cREF _h315.4, IND/RR |
||
| 999 |
_c1397344 _d1397344 |
||